| 000 | 00994nam a22002897a 4500 | ||
|---|---|---|---|
| 003 | CHAP | ||
| 005 | 20220329135314.0 | ||
| 008 | 971013s1903 r 00010 d | ||
| 010 | _a34132 | ||
| 011 | _a35104 | ||
| 035 | _a39220 | ||
| 040 | _cCHAP | ||
| 082 |
_a333.0972 _bL69 |
||
| 100 | 0 | 0 |
_aLozano Saldaña, Rafael. _968800 |
| 245 |
_aCartilla de derecho rural _b: breve compilación de los preceptos legales cuyo conocimiento interesa más a los agricultores |
||
| 260 |
_aMéxico : _bTalleres Tipográficos de la Casa Editorial "J. de Elizalde", _c1903 |
||
| 300 | _a88 p. | ||
| 590 |
_aBATCH-UPD _b10 _c20130110 _lUCH01 _h0043 |
||
| 590 |
_aBATCH-UPD _b10 _c20130110 _lUCH01 _h0952 |
||
| 590 |
_aBATCH-UPD _b10 _c20130409 _lUCH01 _h2029 |
||
| 590 |
_aBATCH-UPD _b10 _c20130914 _lUCH01 _h1734 |
||
| 590 |
_aCONVERSION _b10 _c20130109 _lUCH01 _h1319 |
||
| 650 | 1 | 4 |
_aTierras _xTenencia _xLeyes. _9113179 |
| 901 | _aBK | ||
| 942 | _cLIBRO | ||
| 949 |
_a333.0972 L69 _bBC _cBPP _d-89506 _eBPP _i39220 _si |
||
| 999 |
_c34132 _d34132 |
||